000 00877pam a2200265 a 4500
005 20160108072652.0
008 820901t1983 -usab frb 001 0 eng
020 _a0226393348
040 _aDLC
_cDLC
_dDLC
_dCO-BoIAVH
041 0 _aeng
043 _anccr---
044 _axxu
082 0 0 _a508.7286
_bJ35c
245 1 0 _aCosta Rican natural history /
_cEdited by Daniel H. Janzen, [With 174 Contributors]
260 _aChicago :
_bUniversity of Chicago Press,
_c1983.
300 _axi, 816 páginas :
_billustraciones, mapas ;
_c28 x 22 cm.
504 _aIncludes bibliographies and index.
650 0 _aNatural history
_zCosta Rica.
650 6 _aHistoria natural
_zCosta Rica
650 6 _aBiología
_zCosta Rica
650 6 _aGeología
_zCosta Rica
662 _aCosta Rica
700 1 _aJanzen, Daniel H.
_eEditor
942 _2ddc
_cLIBRO
999 _c100
_d100